000 00357nam a2200145Ia 4500
005 20250729165742.0
008 250729s2014 xx 000 0 und d
041 _akan
082 _a370.15 UMES
100 _aH.S.Umesh
_9232117
245 _aShykshanikha Manovijnana
260 _aMysore
_bSamhitha
_c2014
300 _a384p
650 _aPsychology
_9232118
999 _c239622
_d239622